| 000 | 01764nam a2200253Ia 4500 | ||
|---|---|---|---|
| 999 |
_c54853 _d54853 |
||
| 001 | 21922 | ||
| 003 | GE_BSU | ||
| 005 | 20220809134952.0 | ||
| 008 | 181216s ||||ge |||||||||||||| ||geo|| | ||
| 020 | _a9789941130380 | ||
| 040 | _cGE_BSU | ||
| 041 | _ageo | ||
| 080 | _a811.353.2(075.8) თ-77 | ||
| 100 |
_aთოფურია, ვარლამ _97713 |
||
| 245 |
_aსვანური ენის სახელმძღვანელო = A course of the Svan language : _b(მოკლე გრამ. მიმოხილვა, სასაუბრო მასალები მცირე ლექსიკონითურთ, ტექსტები და მათი თარგმანები) / _cვარლამ თოფურია ; რედ. : ქეთევან მარგიანი-დადვანი, ქეთევან მარგიანი-სუბარი, ივანე ლეჟავა ; წიგნი დაასრულეს გამოსაც. მოამზადეს გურამ თოფურიამ და იზა ჩანტლაძემ. |
||
| 264 |
_aთბილისი : _bთბილ. უნ-ტის გამ-ბა, _c2008. |
||
| 300 |
_a240 გვ. ; _c26 სმ. |
||
| 541 | _h12ლ. | ||
| 653 | _aსვანური ენა | ||
| 653 | _a სახელმძღვანელოები უმაღლესი სასწავლებლებისათვის | ||
| 700 |
_aმარგიანი-დადვანი, ქეთევან _eრედაქტორი _914518 |
||
| 700 |
_aმარგიანი-სუბარი, ქეთევან _eრედაქტორი _912 |
||
| 942 |
_cBK _2udc |
||